[Event "Quebec op U2000"]
[Site "Montreal CAN"]
[Date "2012.07.23"]
[Round "4"]
[White "Libersan, Mattieu"]
[Black "Nazarian, Arash"]
[Result "1-0"]
[WhiteElo "1885"]
[BlackElo "1379"]
[PlyCount "37"]
[GameId "2160767909442343"]
[EventDate "2012.07.21"]
[EventType "swiss"]
[EventRounds "9"]
[EventCountry "CAN"]
[SourceTitle "EXT 2022"]
[Source "ChessBase"]
[SourceDate "2021.10.06"]
[SourceVersion "1"]
[SourceVersionDate "2021.10.06"]
[SourceQuality "1"]

1. e4 e6 2. d4 d5 3. Nc3 Bb4 4. Nge2 dxe4 5. a3 Bxc3+ 6. Nxc3 Nc6 7. Bb5 f5 8. f3 exf3 9. Qxf3 Bd7 10. Be3 Nf6 11. O-O-O a6 12. Bc4 b5 13. Ba2 Rb8 14. d5 exd5 15. Nxd5 Ne5 16. Qg3 Nxd5 17. Qxe5+ Qe7 18. Qxd5 c6 19. Qd2 1-0

[Event "Quebec op U2000"]
[Site "Montreal CAN"]
[Date "2012.07.23"]
[Round "4"]
[White "Nikulich, Oleksandr"]
[Black "Jureidini, Gabriel"]
[Result "1/2-1/2"]
[WhiteElo "1836"]
[BlackElo "1725"]
[PlyCount "112"]
[GameId "2160767909442344"]
[EventDate "2012.07.21"]
[EventType "swiss"]
[EventRounds "9"]
[EventCountry "CAN"]
[SourceTitle "EXT 2022"]
[Source "ChessBase"]
[SourceDate "2021.10.06"]
[SourceVersion "1"]
[SourceVersionDate "2021.10.06"]
[SourceQuality "1"]

1. Nf3 Nf6 2. c4 d6 3. Nc3 e5 4. g3 Be7 5. Bg2 c6 6. d4 Nbd7 7. Qc2 Qc7 8. O-O a5 9. b3 O-O 10. Ba3 Re8 11. Rac1 Bf8 12. Rfd1 exd4 13. Nxd4 Nc5 14. Nf5 Rb8 15. h4 g6 16. Nd4 Bh6 17. Ra1 Ng4 18. Bc1 Bg7 19. Bf4 Ne5 20. Rd2 Ne6 21. Nxe6 Bxe6 22. Rad1 Rbd8 23. Qc1 f5 24. e4 h6 25. f3 Qe7 26. Re2 Kh7 27. Kf2 Rf8 28. Qd2 Qf7 29. Kg1 fxe4 30. Nxe4 d5 31. Nc5 Qe7 32. Nxe6 Qxe6 33. Qe3 Rfe8 34. Rde1 d4 35. Qe4 d3 36. Rd2 Qf6 37. Red1 Nf7 38. Bg5 Nxg5 39. hxg5 Qxg5 40. Qh4 Qc5+ 41. Kh1 Qe3 42. Qf4 Qc5 43. Bf1 Rf8 44. Qg4 h5 45. Qh4 Rd4 46. f4 Bf6 47. Qh2 Kh6 48. Bxd3 Rfd8 49. Bb1 Qb4 50. Rxd4 Rxd4 51. Qc2 Rxd1+ 52. Qxd1 Qc3 53. Kg2 h4 54. Qd3 Qxd3 55. Bxd3 hxg3 56. Kxg3 g5 1/2-1/2

[Event "Quebec op U2000"]
[Site "Montreal CAN"]
[Date "2012.07.23"]
[Round "4"]
[White "Ouellet-Lahaie, Didier"]
[Black "Brunet, Guy"]
[Result "1-0"]
[WhiteElo "1728"]
[BlackElo "1566"]
[PlyCount "48"]
[GameId "2160767909442345"]
[EventDate "2012.07.21"]
[EventType "swiss"]
[EventRounds "9"]
[EventCountry "CAN"]
[SourceTitle "EXT 2022"]
[Source "ChessBase"]
[SourceDate "2021.10.06"]
[SourceVersion "1"]
[SourceVersionDate "2021.10.06"]
[SourceQuality "1"]

1. e4 d5 2. exd5 Qxd5 3. Nc3 Qd6 4. d4 Nf6 5. Nf3 a6 6. Bc4 b5 7. Bb3 e6 8. O-O Bb7 9. Re1 Be7 10. Ne5 O-O 11. Bf4 Qd8 12. Qe2 Bd5 13. Rad1 Bxb3 14. axb3 Nd5 15. Bd2 Bf6 16. Ne4 Bxe5 17. dxe5 Qe8 18. c4 Ne7 19. Bh6 Kh8 20. Bxg7+ Kxg7 21. Nf6 Qc6 22. Qh5 Rh8 23. Qg5+ Ng6 24. Nh5+ Kg8 1-0

[Event "Quebec op U2000"]
[Site "Montreal CAN"]
[Date "2012.07.23"]
[Round "4"]
[White "Perna-Fraser, David"]
[Black "Giroux, Robert"]
[Result "1/2-1/2"]
[WhiteElo "1701"]
[BlackElo "1845"]
[PlyCount "65"]
[GameId "2160767909442346"]
[EventDate "2012.07.21"]
[EventType "swiss"]
[EventRounds "9"]
[EventCountry "CAN"]
[SourceTitle "EXT 2022"]
[Source "ChessBase"]
[SourceDate "2021.10.06"]
[SourceVersion "1"]
[SourceVersionDate "2021.10.06"]
[SourceQuality "1"]

1. d4 e6 2. c4 Bb4+ 3. Nc3 Nf6 4. a3 Bxc3+ 5. bxc3 b6 6. Nf3 Ba6 7. e3 Nc6 8. Bd3 Na5 9. Qe2 c5 10. e4 h6 11. e5 Ng8 12. Nd2 Ne7 13. Ne4 O-O 14. h4 d5 15. exd6 Nf5 16. dxc5 Nb3 17. Rb1 Nxc1 18. Rxc1 bxc5 19. Nxc5 Qxd6 20. Nxa6 Qxa3 21. O-O Qxa6 22. Ra1 Qb6 23. Rfb1 Qc7 24. Bxf5 exf5 25. Rb5 Rfe8 26. Qd3 Re4 27. Qf3 Rae8 28. g3 Qxc4 29. Rxf5 Re1+ 30. Rxe1 Rxe1+ 31. Kh2 Qf1 32. Qa8+ Kh7 33. Qg2 1/2-1/2

[Event "Quebec op U2000"]
[Site "Montreal CAN"]
[Date "2012.07.23"]
[Round "4"]
[White "Sarra-Bournet, Marc"]
[Black "Millette, Sylvain"]
[Result "0-1"]
[WhiteElo "1883"]
[BlackElo "1666"]
[PlyCount "64"]
[GameId "2160767909442347"]
[EventDate "2012.07.21"]
[EventType "swiss"]
[EventRounds "9"]
[EventCountry "CAN"]
[SourceTitle "EXT 2022"]
[Source "ChessBase"]
[SourceDate "2021.10.06"]
[SourceVersion "1"]
[SourceVersionDate "2021.10.06"]
[SourceQuality "1"]

1. e4 Nf6 2. e5 Nd5 3. d4 d6 4. c4 Nb6 5. f4 dxe5 6. fxe5 Nc6 7. Nf3 Bf5 8. Nc3 e6 9. Be3 Bg4 10. Be2 Bxf3 11. gxf3 Qh4+ 12. Bf2 Qh6 13. c5 Nd7 14. Qb3 Rb8 15. Nb5 a6 16. Na3 Be7 17. h4 Qf4 18. Qc3 h5 19. Be3 Qg3+ 20. Kd2 Ndxe5 21. Rag1 Nxf3+ 22. Bxf3 Qxf3 23. Rf1 Qe4 24. Rhg1 Bf6 25. Rf4 Qd5 26. Kc1 Rd8 27. Rd1 e5 28. Rf5 Qe4 29. Rxf6 gxf6 30. Re1 Nxd4 31. Bxd4 Qxd4 32. Qb3 Qd2+ 0-1

[Event "Quebec op U2000"]
[Site "Montreal CAN"]
[Date "2012.07.23"]
[Round "4"]
[White "Shi, Ling Yun"]
[Black "Isaev, Nikolay"]
[Result "0-1"]
[WhiteElo "1618"]
[BlackElo "1697"]
[PlyCount "160"]
[GameId "2160767909442348"]
[EventDate "2012.07.21"]
[EventType "swiss"]
[EventRounds "9"]
[EventCountry "CAN"]
[SourceTitle "EXT 2022"]
[Source "ChessBase"]
[SourceDate "2021.10.06"]
[SourceVersion "1"]
[SourceVersionDate "2021.10.06"]
[SourceQuality "1"]

1. e4 c5 2. Nf3 d6 3. Bb5+ Bd7 4. Bxd7+ Nxd7 5. Nc3 Ngf6 6. d3 g6 7. Bf4 Bg7 8. Qd2 h6 9. h3 e5 10. Be3 a6 11. a4 Nf8 12. Ne2 Ne6 13. c3 Qc7 14. Qc2 d5 15. Ng3 O-O 16. O-O Rac8 17. Rfe1 d4 18. cxd4 cxd4 19. Qxc7 Rxc7 20. Bd2 Nd7 21. b4 Rfc8 22. Rec1 Rxc1+ 23. Rxc1 Rxc1+ 24. Bxc1 Bf8 25. Bd2 f6 26. Ne2 b5 27. axb5 axb5 28. Ne1 Nb8 29. Nc1 Nc6 30. Na2 f5 31. f3 Kf7 32. Kf2 Kf6 33. g4 Nc7 34. Nc2 fxg4 35. fxg4 Na6 36. Ke2 h5 37. g5+ Ke6 38. h4 Kd7 39. Be1 Ke6 40. Bd2 Kd7 41. Be1 Nc7 42. Na3 Kc8 43. Bd2 Kb7 44. Nc2 Ne6 45. Kf3 Bd6 46. Ne1 Ncd8 47. Ng2 Kc6 48. Nc1 Nc7 49. Ne1 Nde6 50. Ng2 Kb6 51. Na2 Ka6 52. Nc1 Na8 53. Na2 Nb6 54. Kg3 Na4 55. Kf3 Kb6 56. Nc1 Nc3 57. Bxc3 dxc3 58. Na2 Nd4+ 59. Kf2 c2 60. Ne3 Kc6 61. Nd5 Nb3 62. Ke3 c1=Q+ 63. Nxc1 Nxc1 64. Kd2 Na2 65. Ke3 Nxb4 66. Nc3 Nc2+ 67. Kd2 Nd4 68. Ke3 b4 69. Nb1 b3 70. Nc3 b2 71. Nb1 Nc2+ 72. Kd2 Na3 73. Nxa3 Bxa3 74. Kc2 Kc5 75. Kb1 Kd4 76. Ka2 Kxd3 77. Kxa3 b1=Q 78. Ka4 Qb6 79. Ka3 Kc3 80. Ka2 Qb2# 0-1

[Event "Quebec op U2000"]
[Site "Montreal CAN"]
[Date "2012.07.23"]
[Round "4"]
[White "Villeneuve, Benoit"]
[Black "Mathews, Theo"]
[Result "1-0"]
[WhiteElo "1740"]
[BlackElo "1677"]
[PlyCount "113"]
[GameId "2160767909442349"]
[EventDate "2012.07.21"]
[EventType "swiss"]
[EventRounds "9"]
[EventCountry "CAN"]
[SourceTitle "EXT 2022"]
[Source "ChessBase"]
[SourceDate "2021.10.06"]
[SourceVersion "1"]
[SourceVersionDate "2021.10.06"]
[SourceQuality "1"]

1. e4 e5 2. Nf3 Nf6 3. Nc3 Nc6 4. Bb5 d6 5. h3 Bd7 6. d3 a6 7. Ba4 b5 8. Bb3 Na5 9. O-O Nxb3 10. axb3 Be7 11. Re1 O-O 12. d4 exd4 13. Nxd4 c5 14. Nf3 Bc6 15. Bf4 b4 16. Nd5 Nxd5 17. exd5 Bb7 18. c4 Bf6 19. Qd2 Qd7 20. Bg5 Bxg5 21. Nxg5 h6 22. Ne4 f5 23. Ng3 Rae8 24. Rxe8 Rxe8 25. Re1 Rxe1+ 26. Qxe1 g6 27. Qe3 Kg7 28. Ne2 g5 29. f4 Kf6 30. Ng3 Bc8 31. Qf3 Qf7 32. fxg5+ hxg5 33. Ne4+ Ke7 34. Nxg5 Qf6 35. Qe2+ Qe5 36. Qxe5+ dxe5 37. Kf2 Bd7 38. Ke3 a5 39. h4 Kf6 40. g3 Kg6 41. Nf3 Kf6 42. Ne1 e4 43. g4 fxg4 44. Kxe4 a4 45. bxa4 Bxa4 46. Ng2 Bc2+ 47. Kf4 Bd3 48. Ne3 g3 49. Kxg3 Ke5 50. Kf3 Kd4 51. Kf4 Bxc4 52. Nxc4 Kxd5 53. Ne3+ Kd4 54. h5 c4 55. h6 c3 56. bxc3+ Kxc3 57. Nd5+ 1-0

[Event "Quebec op U2000"]
[Site "Montreal CAN"]
[Date "2012.07.23"]
[Round "4"]
[White "Yao, Houji"]
[Black "Gauthier, Luc"]
[Result "1-0"]
[WhiteElo "1885"]
[BlackElo "1755"]
[PlyCount "61"]
[GameId "2160767909442350"]
[EventDate "2012.07.21"]
[EventType "swiss"]
[EventRounds "9"]
[EventCountry "CAN"]
[SourceTitle "EXT 2022"]
[Source "ChessBase"]
[SourceDate "2021.10.06"]
[SourceVersion "1"]
[SourceVersionDate "2021.10.06"]
[SourceQuality "1"]

1. e4 Nf6 2. Nc3 d5 3. exd5 Nxd5 4. Qf3 e6 5. Bc4 c6 6. Nge2 Nd7 7. d4 N7f6 8. Ne4 Nxe4 9. Qxe4 Nf6 10. Qf3 Be7 11. O-O O-O 12. c3 Qc7 13. Bf4 Bd6 14. Qg3 Bxf4 15. Nxf4 Ne4 16. Qe3 Nf6 17. Qf3 e5 18. dxe5 Ng4 19. e6 Bxe6 20. Bxe6 Nxh2 21. Kxh2 fxe6 22. g3 Rf6 23. Qe4 Qf7 24. Rae1 Rf8 25. Kg2 g5 26. Nd3 h5 27. Re2 h4 28. Qg4 Qh7 29. Nf4 hxg3 30. Qxg5+ Rg6 31. Qxg6+ 1-0

[Event "Quebec op U2000"]
[Site "Montreal CAN"]
[Date "2012.07.23"]
[Round "4"]
[White "Zhang, John"]
[Black "Pilotte, Benoit"]
[Result "0-1"]
[WhiteElo "1725"]
[BlackElo "1823"]
[PlyCount "56"]
[GameId "2160767909442351"]
[EventDate "2012.07.21"]
[EventType "swiss"]
[EventRounds "9"]
[EventCountry "CAN"]
[SourceTitle "EXT 2022"]
[Source "ChessBase"]
[SourceDate "2021.10.06"]
[SourceVersion "1"]
[SourceVersionDate "2021.10.06"]
[SourceQuality "1"]

1. e4 g6 2. d4 Bg7 3. Nc3 d6 4. Be3 a6 5. a4 b6 6. Nf3 h6 7. Bc4 e6 8. O-O Ne7 9. Qd2 Nd7 10. Rfe1 Bb7 11. h3 g5 12. d5 e5 13. b4 Nf6 14. a5 b5 15. Be2 g4 16. hxg4 Nxg4 17. Nh2 Nxe3 18. Qxe3 h5 19. Nf3 Ng6 20. Nxb5 Bh6 21. Qd3 Nf4 22. Qc4 Qd7 23. Nxc7+ Kf8 24. Nxa8 Qg4 25. g3 Rg8 26. Nh2 Qh4 27. Qc7 Rxg3+ 28. fxg3 Qxg3+ 0-1

[Event "Quebec op U2000"]
[Site "Montreal CAN"]
[Date "2012.07.24"]
[Round "5"]
[White "Chevalier, Francois"]
[Black "Ouellet-Lahaie, Didier"]
[Result "0-1"]
[WhiteElo "1808"]
[BlackElo "1727"]
[PlyCount "45"]
[GameId "2160767909442352"]
[EventDate "2012.07.21"]
[EventType "swiss"]
[EventRounds "9"]
[EventCountry "CAN"]
[SourceTitle "EXT 2022"]
[Source "ChessBase"]
[SourceDate "2021.10.06"]
[SourceVersion "1"]
[SourceVersionDate "2021.10.06"]
[SourceQuality "1"]

1. e4 c5 2. Nf3 d6 3. d4 cxd4 4. Nxd4 Nf6 5. f3 Nc6 6. c4 g6 7. Nc3 Bg7 8. Be3 O-O 9. Qd2 Bd7 10. Be2 Qa5 11. O-O a6 12. Rfd1 Rac8 13. Rac1 Rfd8 14. Bf1 Nxd4 15. Bxd4 b5 16. cxb5 axb5 17. a3 b4 18. axb4 Qxb4 19. Qf2 Be6 20. Ra1 Bb3 21. Rdc1 Ng4 22. Qd2 Bxd4+ 23. Kh1 0-1

[Event "Quebec op U2000"]
[Site "Montreal CAN"]
[Date "2012.07.24"]
[Round "5"]
[White "Desmarais, Serge"]
[Black "Nazarian, Arash"]
[Result "1-0"]
[WhiteElo "1633"]
[BlackElo "1379"]
[PlyCount "47"]
[GameId "2160767909442353"]
[EventDate "2012.07.21"]
[EventType "swiss"]
[EventRounds "9"]
[EventCountry "CAN"]
[SourceTitle "EXT 2022"]
[Source "ChessBase"]
[SourceDate "2021.10.06"]
[SourceVersion "1"]
[SourceVersionDate "2021.10.06"]
[SourceQuality "1"]

1. f4 b6 2. e4 Bb7 3. Nc3 e6 4. d4 Bb4 5. Bd3 Nf6 6. Qe2 c5 7. Nf3 O-O 8. Bd2 d5 9. e5 Nfd7 10. Bxh7+ Kh8 11. Ng5 Nf6 12. exf6 Qxf6 13. Qh5 Qh6 14. Nxf7+ Rxf7 15. Qxf7 Qxh7 16. Qxb7 Bxc3 17. Bxc3 Qe4+ 18. Kd1 Qxg2 19. Re1 Qf3+ 20. Kc1 Qxf4+ 21. Bd2 Qd6 22. Qxa8 Qc7 23. Rxe6 Qxh2 24. Re8+ 1-0

[Event "Quebec op U2000"]
[Site "Montreal CAN"]
[Date "2012.07.24"]
[Round "5"]
[White "Gauthier, Luc"]
[Black "Duplessis, Jean-Roch"]
[Result "1/2-1/2"]
[WhiteElo "1755"]
[BlackElo "1667"]
[PlyCount "75"]
[GameId "2160767909442354"]
[EventDate "2012.07.21"]
[EventType "swiss"]
[EventRounds "9"]
[EventCountry "CAN"]
[SourceTitle "EXT 2022"]
[Source "ChessBase"]
[SourceDate "2021.10.06"]
[SourceVersion "1"]
[SourceVersionDate "2021.10.06"]
[SourceQuality "1"]

1. e4 c5 2. Nc3 e6 3. f4 Nc6 4. Nf3 d5 5. Bb5 Nge7 6. exd5 exd5 7. Ne5 a6 8. Bxc6+ Nxc6 9. Nxc6 bxc6 10. d3 Be7 11. O-O O-O 12. Rb1 Re8 13. b3 Rb8 14. Ba3 Bf6 15. Na4 Bd4+ 16. Kh1 Qa5 17. h3 Re3 18. Re1 Be6 19. Bb2 Rxe1+ 20. Qxe1 Qxe1+ 21. Rxe1 Bxb2 22. Nxb2 Kf8 23. Na4 c4 24. g4 g6 25. Nc5 Bc8 26. dxc4 dxc4 27. Re4 cxb3 28. axb3 f5 29. gxf5 Bxf5 30. Re3 Rb5 31. Ne6+ Bxe6 32. Rxe6 Rc5 33. c4 a5 34. Re4 Rf5 35. Kg2 Rf7 36. Kg3 Rb7 37. Re3 Kf7 38. Kf3 1/2-1/2

[Event "Quebec op U2000"]
[Site "Montreal CAN"]
[Date "2012.07.24"]
[Round "5"]
[White "Girard, Sylvain"]
[Black "Benoit, Sebastien"]
[Result "1-0"]
[WhiteElo "1588"]
[BlackElo "1816"]
[PlyCount "41"]
[GameId "2160767909442355"]
[EventDate "2012.07.21"]
[EventType "swiss"]
[EventRounds "9"]
[EventCountry "CAN"]
[SourceTitle "EXT 2022"]
[Source "ChessBase"]
[SourceDate "2021.10.06"]
[SourceVersion "1"]
[SourceVersionDate "2021.10.06"]
[SourceQuality "1"]

1. e4 c5 2. Nf3 d6 3. Bb5+ Nd7 4. d4 cxd4 5. Qxd4 a6 6. Bc4 Ngf6 7. Nc3 e6 8. Bg5 Be7 9. O-O-O Qc7 10. Rhe1 O-O 11. e5 dxe5 12. Qh4 b5 13. Bd3 h6 14. Bxh6 gxh6 15. Qxh6 Rd8 16. Ng5 Nf8 17. Re3 Rxd3 18. Rdxd3 Ng4 19. Qh5 Nxe3 20. Qxf7+ Kh8 21. Rxe3 1-0

[Event "Quebec op U2000"]
[Site "Montreal CAN"]
[Date "2012.07.24"]
[Round "5"]
[White "Giroux, Robert"]
[Black "Alcantara, Maximo jr"]
[Result "1/2-1/2"]
[WhiteElo "1845"]
[BlackElo "1757"]
[PlyCount "125"]
[GameId "2160767909442356"]
[EventDate "2012.07.21"]
[EventType "swiss"]
[EventRounds "9"]
[EventCountry "CAN"]
[SourceTitle "EXT 2022"]
[Source "ChessBase"]
[SourceDate "2021.10.06"]
[SourceVersion "1"]
[SourceVersionDate "2021.10.06"]
[SourceQuality "1"]

1. d4 Nf6 2. Nf3 d5 3. e3 Bg4 4. c4 e6 5. cxd5 Bb4+ 6. Bd2 Bxd2+ 7. Nbxd2 exd5 8. Qb3 b6 9. Ne5 O-O 10. Nxg4 Nxg4 11. Nf3 c6 12. h3 Nf6 13. Qc2 Qd6 14. Bd3 Qb4+ 15. Qc3 Qxc3+ 16. bxc3 Nbd7 17. O-O c5 18. c4 Rac8 19. cxd5 Nxd5 20. Bf5 Rcd8 21. Bxd7 Rxd7 22. dxc5 bxc5 23. Rfd1 Nf6 24. Ne5 Rc7 25. Nc4 g6 26. Rab1 Re8 27. f3 Nd7 28. Kf2 Ne5 29. Nxe5 Rxe5 30. Rbc1 c4 31. Rc3 Rb5 32. Rdc1 Rb4 33. a3 Ra4 34. Ke2 Rb7 35. Rxc4 Rxa3 36. Rc8+ Kg7 37. R1c2 a5 38. R8c7 Rxc7 39. Rxc7 Ra2+ 40. Kf1 h5 41. h4 a4 42. Ra7 a3 43. Kg1 Kf6 44. Ra5 Ke6 45. Kh2 Ra1 46. e4 a2 47. Kg3 f6 48. f4 Kd6 49. e5+ fxe5 50. fxe5+ Ke6 51. Ra6+ Kxe5 52. Ra5+ Kf6 53. Ra6+ Kg7 54. Ra7+ Kf6 55. Ra6+ Ke7 56. Ra7+ Ke6 57. Ra6+ Kd5 58. Ra5+ Kc6 59. Ra6+ Kb5 60. Ra8 Kb6 61. Ra4 Kc5 62. Ra5+ Kc4 63. Ra8 1/2-1/2

[Event "Quebec op U2000"]
[Site "Montreal CAN"]
[Date "2012.07.24"]
[Round "5"]
[White "Isaev, Nikolay"]
[Black "Sharpe, Michael"]
[Result "1-0"]
[WhiteElo "1697"]
[BlackElo "1491"]
[PlyCount "77"]
[GameId "2160767909442357"]
[EventDate "2012.07.21"]
[EventType "swiss"]
[EventRounds "9"]
[EventCountry "CAN"]
[SourceTitle "EXT 2022"]
[Source "ChessBase"]
[SourceDate "2021.10.06"]
[SourceVersion "1"]
[SourceVersionDate "2021.10.06"]
[SourceQuality "1"]

1. e4 c5 2. Nc3 d6 3. Nf3 Nf6 4. d4 cxd4 5. Nxd4 a6 6. Be3 e6 7. f3 Be7 8. Qd2 Qc7 9. g4 Nc6 10. O-O-O h6 11. h4 Bd7 12. Kb1 b5 13. Bh3 Ne5 14. g5 Ng8 15. f4 Nc4 16. Qd3 g6 17. f5 Nxe3 18. fxe6 fxe6 19. Qxe3 Qc5 20. Qg3 Qe5 21. Qxe5 dxe5 22. Nxe6 Bxe6 23. Bxe6 Rd8 24. Nd5 Rd6 25. Bxg8 hxg5 26. hxg5 Rxg8 27. Nf6+ Rxf6 28. gxf6 Bxf6 29. Rh7 Be7 30. Rdh1 g5 31. Rh8 Kf7 32. Rf1+ Kg7 33. Rxg8+ Kxg8 34. Rf5 Kg7 35. Rxe5 Kf6 36. Rf5+ Ke6 37. Kc1 Bd6 38. Kd1 Bf4 39. Ke2 1-0

[Event "Quebec op U2000"]
[Site "Montreal CAN"]
[Date "2012.07.24"]
[Round "5"]
[White "Jureidini, Gabriel"]
[Black "Autotte, Daniel"]
[Result "1-0"]
[WhiteElo "1725"]
[BlackElo "1796"]
[PlyCount "91"]
[GameId "2160767909442358"]
[EventDate "2012.07.21"]
[EventType "swiss"]
[EventRounds "9"]
[EventCountry "CAN"]
[SourceTitle "EXT 2022"]
[Source "ChessBase"]
[SourceDate "2021.10.06"]
[SourceVersion "1"]
[SourceVersionDate "2021.10.06"]
[SourceQuality "1"]

1. e4 e6 2. d3 d5 3. Nd2 Nf6 4. Ngf3 c5 5. Be2 Nc6 6. c3 Be7 7. O-O O-O 8. Qc2 a6 9. a4 b6 10. Re1 Qc7 11. Nf1 h6 12. h3 Bb7 13. N1h2 b5 14. Ng4 Nxg4 15. hxg4 dxe4 16. dxe4 c4 17. Be3 Ne5 18. Nd4 b4 19. f4 b3 20. Qb1 Nc6 21. Nf3 Na5 22. e5 Bxf3 23. Bxf3 Rad8 24. Qe4 Rd7 25. f5 Bc5 26. f6 Bxe3+ 27. Rxe3 gxf6 28. exf6 Qc5 29. Kh2 Rd2 30. Re2 Rxe2 31. Bxe2 Rd8 32. Bf3 Qg5 33. Kg3 Qxf6 34. Rd1 Rxd1 35. Bxd1 Qd8 36. Qe2 Qd6+ 37. Kf2 Qd7 38. Ke1 Qxa4 39. Qe5 Nc6 40. Qf6 Qb5 41. Qxh6 a5 42. Bf3 a4 43. Kf1 a3 44. Be4 a2 45. Bh7+ Kh8 46. Bg6+ 1-0

[Event "Quebec op U2000"]
[Site "Montreal CAN"]
[Date "2012.07.24"]
[Round "5"]
[White "Lalumiere, Claude"]
[Black "Baran, Marius"]
[Result "1-0"]
[WhiteElo "1825"]
[BlackElo "1788"]
[PlyCount "39"]
[GameId "2160767909442359"]
[EventDate "2012.07.21"]
[EventType "swiss"]
[EventRounds "9"]
[EventCountry "CAN"]
[SourceTitle "EXT 2022"]
[Source "ChessBase"]
[SourceDate "2021.10.06"]
[SourceVersion "1"]
[SourceVersionDate "2021.10.06"]
[SourceQuality "1"]

1. e4 c5 2. Nf3 d6 3. d4 cxd4 4. Nxd4 Nf6 5. Nc3 g6 6. Be3 Ng4 7. Bb5+ Bd7 8. Qxg4 Nc6 9. Qd1 Bg7 10. Nxc6 bxc6 11. Bc4 O-O 12. Qd2 Qa5 13. Bd4 e5 14. Be3 Rfd8 15. Bg5 Qc5 16. Bxd8 Rxd8 17. Bb3 d5 18. exd5 cxd5 19. Qxd5 Qe7 20. Rd1 1-0

[Event "Quebec op U2000"]
[Site "Montreal CAN"]
[Date "2012.07.24"]
[Round "5"]
[White "Le Bas, Nicolas"]
[Black "Shi, Ling Yun"]
[Result "1-0"]
[WhiteElo "1655"]
[BlackElo "1618"]
[PlyCount "45"]
[GameId "2160767909442360"]
[EventDate "2012.07.21"]
[EventType "swiss"]
[EventRounds "9"]
[EventCountry "CAN"]
[SourceTitle "EXT 2022"]
[Source "ChessBase"]
[SourceDate "2021.10.06"]
[SourceVersion "1"]
[SourceVersionDate "2021.10.06"]
[SourceQuality "1"]

1. e4 c5 2. Nf3 Nc6 3. d4 cxd4 4. Nxd4 Nf6 5. Nc3 d6 6. f3 Bd7 7. Be3 g6 8. Qd2 Bg7 9. g4 a6 10. h4 h6 11. Nb3 Ne5 12. Be2 Be6 13. O-O-O Bxb3 14. axb3 b5 15. g5 Ng8 16. Nd5 Nd7 17. Bd4 f6 18. b4 Rh7 19. f4 fxg5 20. hxg5 h5 21. f5 e6 22. fxg6 exd5 23. gxh7 1-0

[Event "Quebec op U2000"]
[Site "Montreal CAN"]
[Date "2012.07.24"]
[Round "5"]
[White "Millette, Sylvain"]
[Black "Langlois-Remillard, Alexis"]
[Result "1/2-1/2"]
[WhiteElo "1666"]
[BlackElo "1783"]
[PlyCount "68"]
[GameId "2160767909442361"]
[EventDate "2012.07.21"]
[EventType "swiss"]
[EventRounds "9"]
[EventCountry "CAN"]
[SourceTitle "EXT 2022"]
[Source "ChessBase"]
[SourceDate "2021.10.06"]
[SourceVersion "1"]
[SourceVersionDate "2021.10.06"]
[SourceQuality "1"]

1. Nf3 Nc6 2. g3 e5 3. e4 Nf6 4. d3 Bc5 5. Bg2 O-O 6. O-O d6 7. c3 Be6 8. d4 exd4 9. cxd4 Bc4 10. dxc5 Bxf1 11. Bxf1 Nxe4 12. cxd6 Nxd6 13. Nc3 Re8 14. Bg5 Qc8 15. a3 Qg4 16. Nd5 Ne5 17. Nxe5 Qxg5 18. f4 Qd8 19. Qb3 a6 20. Rd1 g5 21. Ne3 Qe7 22. Bh3 gxf4 23. gxf4 Rad8 24. Nd5 Qh4 25. Qg3+ Qxg3+ 26. hxg3 Nc4 27. Bd7 Rxe5 28. fxe5 Rxd7 29. Rd4 c6 30. Rxc4 cxd5 31. Rd4 Kg7 32. Kg2 Kg6 33. g4 Kg5 34. Kf3 b5 1/2-1/2

[Event "Quebec op U2000"]
[Site "Montreal CAN"]
[Date "2012.07.24"]
[Round "5"]
[White "Moore, Ronald"]
[Black "Nikulich, Oleksandr"]
[Result "0-1"]
[WhiteElo "1713"]
[BlackElo "1836"]
[PlyCount "100"]
[GameId "2160767909442362"]
[EventDate "2012.07.21"]
[EventType "swiss"]
[EventRounds "9"]
[EventCountry "CAN"]
[SourceTitle "EXT 2022"]
[Source "ChessBase"]
[SourceDate "2021.10.06"]
[SourceVersion "1"]
[SourceVersionDate "2021.10.06"]
[SourceQuality "1"]

1. g4 d5 2. Bg2 e5 3. c4 c6 4. cxd5 cxd5 5. Qb3 Ne7 6. Nc3 Nbc6 7. Bxd5 Nxd5 8. Qxd5 Bxg4 9. Nf3 Qxd5 10. Nxd5 Bxf3 11. exf3 Rd8 12. Nc7+ Kd7 13. Nb5 a6 14. Nc3 Nd4 15. Rb1 Nxf3+ 16. Ke2 Nd4+ 17. Kd1 Bc5 18. b4 Ba7 19. Rg1 g6 20. b5 axb5 21. Nxb5 Nxb5 22. Rxb5 Kc6 23. Rxe5 Bxf2 24. Rf1 Bd4 25. Re7 f6 26. Kc2 Be5 27. d3 Rde8 28. Rf7 Ref8 29. Re7 Rc8 30. Kb3 Rc7 31. Rxc7+ Kxc7 32. Bf4 Bxf4 33. Rxf4 f5 34. Rc4+ Kd6 35. Rb4 Kc6 36. Rc4+ Kd5 37. Rb4 Rb8 38. a4 Kc6 39. Rc4+ Kb6 40. Kb4 Rf8 41. d4 f4 42. d5 f3 43. Rc1 f2 44. Rf1 g5 45. a5+ Kc7 46. Kc5 Rf4 47. d6+ Kd7 48. Kb6 Rb4+ 49. Ka7 Rb2 50. Rd1 h5 0-1

[Event "Quebec op U2000"]
[Site "Montreal CAN"]
[Date "2012.07.24"]
[Round "5"]
[White "Noritsyn, Sergey"]
[Black "Dubreuil, Raymond"]
[Result "1-0"]
[WhiteElo "1723"]
[BlackElo "1502"]
[PlyCount "69"]
[GameId "2160767909442363"]
[EventDate "2012.07.21"]
[EventType "swiss"]
[EventRounds "9"]
[EventCountry "CAN"]
[SourceTitle "EXT 2022"]
[Source "ChessBase"]
[SourceDate "2021.10.06"]
[SourceVersion "1"]
[SourceVersionDate "2021.10.06"]
[SourceQuality "1"]

1. e4 c5 2. Nf3 e6 3. c3 Nc6 4. d4 cxd4 5. cxd4 d6 6. Nc3 Nf6 7. h3 Be7 8. d5 Ne5 9. Nxe5 dxe5 10. Bb5+ Bd7 11. dxe6 fxe6 12. Bxd7+ Nxd7 13. Qg4 Bf6 14. Qxe6+ Qe7 15. Qb3 Nc5 16. Qb5+ Kf7 17. Qc4+ Ne6 18. O-O Rhc8 19. Qb3 Rab8 20. f4 Qc5+ 21. Kh1 Ke7 22. Nd5+ Kd6 23. Nxf6 gxf6 24. Be3 Qc4 25. Rad1+ Nd4 26. fxe5+ fxe5 27. Bxd4 exd4 28. Qg3+ Ke6 29. Qg4+ Kd6 30. Qf4+ Kd7 31. Qf5+ Kd6 32. e5+ Ke7 33. Qf6+ Ke8 34. Qf8+ Kd7 35. Qd6+ 1-0